<?xml version="1.0" encoding="utf-8"?>
<?xml-stylesheet type='text/xsl' href='./oai2.xsl'?>
<OAI-PMH xmlns="http://www.openarchives.org/OAI/2.0/" xmlns:xsi="http://www.w3.org/2001/XMLSchema-instance" xsi:schemaLocation="http://www.openarchives.org/OAI/2.0/ http://www.openarchives.org/OAI/2.0/OAI-PMH.xsd">
  <responseDate>2026-06-05T06:59:15Z</responseDate>
  <request verb="GetRecord" metadataPrefix="marcxml" identifier="record_kuniweb_22061">https://kulturerbe.niedersachsen.de/oai</request>
  <GetRecord>
    <record>
      <header>
        <identifier>record_kuniweb_22061</identifier>
        <datestamp>2015-06-19T12:07:43Z</datestamp>
        <setSpec>slg0103</setSpec>
      </header>
      <metadata>
        <marc:record xmlns:marc="http://www.loc.gov/MARC21/slim" xsi:schemaLocation="http://www.loc.gov/MARC21/slim http://www.loc.gov/standards/marcxml/schema/MARC21slim.xsd">
          <marc:leader>12345nem  22     uu 4500</marc:leader>
          <marc:controlfield tag="001">22061</marc:controlfield>
          <marc:controlfield tag="003">http://kuniweb.gbv.de</marc:controlfield>
          <marc:controlfield tag="005">2015-04-18T18:39:27</marc:controlfield>
          <marc:controlfield tag="008">|           ||||||||||||||||||||||</marc:controlfield>
          <marc:datafield tag="245" ind1="1" ind2="0">
            <marc:subfield code="a">Plan de la Bataille d’Hastenbeck Gagnée Par l’Armée du Roy Commandée Par M.r le Mãal Comte d’Estrés, Contre l’Armée Combinée des Troupes d’Hanovre, de Hesse, de Brunswick &amp;c Commandée Par M.r le Duc de Cumberland, le 26 Juillet 1757.</marc:subfield>
          </marc:datafield>
          <marc:datafield tag="655" ind1=" " ind2="7">
            <marc:subfield code="a">Karten</marc:subfield>
          </marc:datafield>
          <marc:datafield tag="046" ind1=" " ind2=" ">
            <marc:subfield code="k">1757</marc:subfield>
            <marc:subfield code="k">dargestelltes Ereignis und Veröffentlichung 1757</marc:subfield>
          </marc:datafield>
          <marc:datafield tag="260" ind1=" " ind2=" ">
            <marc:subfield code="g">1757</marc:subfield>
            <marc:subfield code="g">dargestelltes Ereignis und Veröffentlichung 1757</marc:subfield>
          </marc:datafield>
          <marc:datafield tag="300" ind1=" " ind2=" ">
            <marc:subfield code="a">Breite: 44 cm (Höhe einschließlich des Textblocks unter der Karte 46,5)
Höhe: 30,5 cm (mit Textbock unter der Karte 46,50)</marc:subfield>
          </marc:datafield>
          <marc:datafield tag="520" ind1=" " ind2=" ">
            <marc:subfield code="a">Maßstäbe (in cm): 1000 toises = 10,4 cm
Ausrichtung: Ostsüdosten
Rückseite: leer

Anmerkungen: 
Vermutlich nach Unterlagen des Militärs oder des Hofkriegsrats in Wien, 1757 - Die Schlacht von Hastenbeck, die auf hannoverscher Seite von dem Herzog von Cumberland, einem Sohn Georgs II., geführt und zunächst von beiden Seiten verloren gegeben wurde, stand am Beginn der Eroberung Kurhannovers durch die französichen Truppen. – Die Karte wird ergänzt durch einen im Typendruck erstellten und angeklebten Textblock mit französischen Erläuterungen vor allem der Truppenstellungen.– Kriegskarten 05 bis 13 betreffen den Siebenjährigen Krieg.

Veröffentlicht in:
Einzelblatt bei Jean (Johann) Thomas Trattner, Wien, Prag und Triest, 1757

Literatur in Zusammenhang:
J. Dörflinger, „Österreichische Karten des 18. Jahrhunderts. - 1984. - (Veröffentlichungen .. ; 42) ( Sitzungsberichte .. ; 427). Die österreichische Kartographie im 18. und zu Beginn des 19. Jahrhunderts / unter besonderer Berücksichtigung d. Privatkartographie zwischen 1780 u. 1820 ; 1“. Verl. d. Österr. Akad. d. Wiss., Wien, 1984. (S. 57 f.)</marc:subfield>
          </marc:datafield>
          <marc:datafield tag="650" ind1="1" ind2=" ">
            <marc:subfield code="a">Siebenjähriger Krieg</marc:subfield>
          </marc:datafield>
          <marc:datafield tag="650" ind1="1" ind2=" ">
            <marc:subfield code="a">Landkarte</marc:subfield>
          </marc:datafield>
          <marc:datafield tag="773" ind1="0" ind2=" ">
            <marc:subfield code="t">Sammlung Körber-Einbeck</marc:subfield>
          </marc:datafield>
          <marc:datafield tag="852" ind1=" " ind2=" ">
            <marc:subfield code="a">Institut für Historische Landesforschung der Universität Göttingen</marc:subfield>
          </marc:datafield>
          <marc:datafield tag="" ind1=" " ind2=" ">
            <marc:subfield code="a">Namensnennung-Nicht kommerziell 4.0 International (CC BY-NC 4.0))</marc:subfield>
          </marc:datafield>
        </marc:record>
      </metadata>
    </record>
  </GetRecord>
</OAI-PMH>
